000 00641cam a2200145 4500500
005 20260208010155.0
041 _afre
042 _adc
100 1 0 _aMantero, Anne
_eauthor
245 0 0 _aANNE ULLBERG, Au chemin de salvation. La chanson spirituelle réformée (1533-1678). Uppsala, Uppsala Universitet, Studia Romanica Upsaliensia n° 77, 2008. Un vol. de 409 p.
260 _c2014.
500 _a70
786 0 _nRevue d'histoire littéraire de la France | 114 | 4 | 2014-12-01 | p. 947d-953d | 0035-2411
856 4 1 _uhttps://shs.cairn.info/revue-d-histoire-litteraire-de-la-france-2014-4-page-947d?lang=fr&redirect-ssocas=7080
999 _c1655429
_d1655429